[Event "IECC KO email"]
[Site "IECC email"]
[Date "2000.06.21"]
[Round "?"]
[White "Robinson, Keith"]
[Black "Roe, Janine"]
[Result "0-1"]
[WhiteElo "1148"]
[BlackElo "1086"]
[PlyCount "100"]
[EventDate "2000.??.??"]
[EventType "tourn (corr)"]
[EventRounds "6"]
[SourceTitle "Corr 2008"]
[Source "ChessBase"]
[SourceDate "2008.06.24"]
[SourceVersion "1"]
[SourceVersionDate "2008.06.24"]
[SourceQuality "1"]

1. e4 e5 2. Nf3 Nc6 3. Bb5 a6 4. Bxc6 dxc6 5. Nxe5 Qd4 6. Nf3 Qxe4+ 7. Qe2 Qxe2+ 8. Kxe2 Bf5 9. d3 0-0-0 10. Ne5 Re8 11. f4 f6 12. h3 fxe5 13. fxe5 Rxe5+ 14. Kd1 Nf6 15. Bf4 Re8 16. Nc3 Bb4 17. a3 Bxc3 18. bxc3 Nd5 19. Bd2 b5 20. g4 Bg6 21. Rf1 h5 22. g5 Rhf8 23. Rxf8 Rxf8 24. Ke2 h4 25. Be1 Bh5+ 26. Kd2 Re8 27. Bxh4 Re2+ 28. Kc1 Ne3 29. a4 Rxc2+ 30. Kb1 Rxc3 31. axb5 axb5 32. Ra8+ Kb7 33. Rd8 Bg6 34. Ka2 b4 35. Be1 Ra3+ 36. Kb2 Nd1+ 37. Kc1 b3 38. Bc3 Nxc3 39. Kb2 Nb5 40. Rd7 Kc8 41. Rd4 Nxd4 42. Kxa3 Bxd3 43. h4 g6 44. Kb2 c5 45. Kc3 c4 46. Kb2 Ne2 47. Ka3 c3 48. Kxb3 c2 49. h5 c1Q 50. h6 Qc3+ 0-1

[Event "IECG QN.1999.0.00088"]
[Site "IECG email"]
[Date "1999.11.14"]
[Round "?"]
[White "Roe, Janine"]
[Black "Vernaz, Tedd"]
[Result "1-0"]
[WhiteElo "800"]
[BlackElo "995"]
[PlyCount "44"]
[EventDate "1999.11.14"]
[EventType "tourn (corr)"]
[EventRounds "6"]
[SourceTitle "Corr 2008"]
[Source "ChessBase"]
[SourceDate "2008.06.24"]
[SourceVersion "1"]
[SourceVersionDate "2008.06.24"]
[SourceQuality "1"]

1. e4 e5 2. Nf3 Nc6 3. Bc4 Nf6 4. Nc3 Nxe4 5. Nxe4 d5 6. Bb5 dxe4 7. Nxe5 Qd5 8. Bxc6+ bxc6 9. Ng4 f5 10. Ne3 Qf7 11. d3 f4 12. Nc4 Qg6 13. Bxf4 Qxg2 14. Qh5+ Kd8 15. 0-0-0 Bg4 16. Qg5+ Kc8 17. dxe4 Kb7 18. Na5+ Ka6 19. Nxc6 Kb6 20. Qa5+ Kxc6 21. Qa6+ Kc5 22. Rd5+ Kb4 1-0

[Event "IECC KO email"]
[Site "IECC email"]
[Date "1999.10.24"]
[Round "?"]
[White "Amman, Corbin"]
[Black "Roe, Janine"]
[Result "1-0"]
[WhiteElo "1213"]
[BlackElo "1000"]
[PlyCount "59"]
[EventDate "1999.??.??"]
[EventType "tourn (corr)"]
[EventRounds "6"]
[SourceTitle "Corr 2008"]
[Source "ChessBase"]
[SourceDate "2008.06.24"]
[SourceVersion "1"]
[SourceVersionDate "2008.06.24"]
[SourceQuality "1"]

1. e4 e5 2. Nf3 f6 3. d4 Nc6 4. Bc4 Nge7 5. Nc3 d6 6. 0-0 Bg4 7. Nb5 Qd7 8. Be3 0-0-0 9. Be2 d5 10. exd5 Nxd4 11. Bxd4 exd4 12. Qxd4 b6 13. Nxa7+ Kb8 14. d6 Kxa7 15. dxe7 Bxe7 16. Qc4 Bxf3 17. Qa6+ Kb8 18. Bxf3 c6 19. Qxb6+ Qb7 20. Qxc6 Qxc6 21. Bxc6 Rd2 22. Be4 Bc5 23. a4 Rd4 24. Bf3 Rb4 25. Ra2 Ka7 26. c3 Rbb8 27. b4 Bd6 28. Rd1 Rhe8 29. h3 Bc7 30. Kf1 1-0

[Event "IECC KO email"]
[Site "IECC email"]
[Date "1999.10.24"]
[Round "?"]
[White "Roe, Janine"]
[Black "Amman, Corbin"]
[Result "1-0"]
[WhiteElo "993"]
[BlackElo "1220"]
[PlyCount "57"]
[EventDate "1999.??.??"]
[EventType "tourn (corr)"]
[EventRounds "6"]
[SourceTitle "Corr 2008"]
[Source "ChessBase"]
[SourceDate "2008.06.24"]
[SourceVersion "1"]
[SourceVersionDate "2008.06.24"]
[SourceQuality "1"]

1. e4 c5 2. Bc4 d6 3. Nf3 Nc6 4. 0-0 Bg4 5. h3 Bxf3 6. Qxf3 Nf6 7. Nc3 Ne5 8. Bb5+ Nfd7 9. Qg3 a6 10. Bxd7+ Qxd7 11. d3 g6 12. Nd5 Qd8 13. Bg5 Nc6 14. c3 Qa5 15. b4 cxb4 16. cxb4 Nxb4 17. Bd2 e6 18. Bxb4 Qd8 19. Bc3 exd5 20. Bxh8 f6 21. Qh4 h5 22. Bxf6 Qd7 23. exd5 Kf7 24. Rae1 Re8 25. Bd4 Qf5 26. Rxe8 Kxe8 27. Re1+ Kf7 28. Qd8 Kg8 29. Re7 1-0